A nyelvi humor eszközei Arany János levelezésében író-barátaival

Elmentve itt :
Bibliográfiai részletek
Szerző: Budiás Judit
További közreműködők: Rozgonyiné dr. Molnár Emma (Témavezető)
Dokumentumtípus: Szakdolgozat
Megjelent: 1982
Tárgyszavak:
Online Access:http://diploma.bibl.u-szeged.hu/78871
LEADER 00576nta a2200157 i 4500
001 dipl78871
005 20200623113940.0
008 190719s1982 hu om 0|| hun d
040 |a SZTE Diploma Repozitórium  |b hun 
041 |a hun 
100 1 |a Budiás Judit 
245 1 2 |a A nyelvi humor eszközei Arany János levelezésében író-barátaival  |h [elektronikus dokumentum] /  |c Judit Budiás 
260 |c 1982 
650 4 |a Pedagógusképzés 
700 2 |a Rozgonyiné dr. Molnár Emma  |e ths 
856 4 0 |u http://diploma.bibl.u-szeged.hu/id/eprint/78871/1/1982_budias_judit.pdf  |z Dokumentum-elérés